|
|
|
|
| LEADER |
00000nam a2200000Ia 4500 |
| 008 |
180829b1998 cr ||||| |||| 00| | spa d |
| 999 |
|
|
|c 2056
|d 2056
|
| 090 |
|
|
|a 12.06.01
|b 957
|
| 110 |
|
|
|a Universidad Estatal a Distancia (Costa Rica)
|9 2309
|
| 245 |
1 |
0 |
|a Aplicación de nuevas tecnologías en la UNED: Evaluación mediante grupos focales con profesionales involucrados : Informe de Investigación /
|c Universidad Estatal a Distancia
|
| 260 |
|
|
|a San José, Costa Rica :
|b UNED,
|c 1998
|
| 300 |
|
|
|a 58 páginas
|
| 610 |
|
0 |
|a UNIVERSIDAD ESTATAL A DISTANCIA (COSTA RICA)
|9 583
|
| 650 |
1 |
4 |
|a NUEVA TECNOLOGÍA
|9 2053
|
| 650 |
1 |
4 |
|a CAPACITACIÓN
|9 729
|
| 650 |
1 |
1 |
|a INFORMES DE INVESTIGACIÓN
|9 4007
|
| 942 |
|
|
|i 001595
|h 12.06.01 957
|2 z
|c 01
|